000 00713cam a2200241 4500
001 45751
003 BD-RjUL
005 20211209054049.0
008 160728s1969 cauab bs 000 0 eng
035 _a(BD-RjUL)45869
040 _aDLC
_cDLC
_dDLC
_beng
041 _aeng
082 0 0 _a363.620212
_bGUW 1969
100 1 _aGuyol, Nathaniel B.,
_d1908-
_9139950
245 1 4 _aThe world electric power industry /
_c[by] N. B. Guyol.
260 _aBerkeley :
_bUniversity of California Press,
_c1969.
300 _axviii, 366 p. :
_bill. ;
_c29 cm.
350 _a20.00
504 _aBibliography: p. 355-366.
650 0 _aElectric utilities
_xStatistics.
_9139951
942 _2ddc
_cBK
999 _c45751
_d45751